Noise control in ship / (Record no. 3302)

000 -LEADER
fixed length control field 00380nam a2200157 4500
008 - FIXED-LENGTH DATA ELEMENTS--GENERAL INFORMATION
fixed length control field 200408b ||||| |||| 00| 0 eng d
020 ## - INTERNATIONAL STANDARD BOOK NUMBER
International Standard Book Number 8271740717
082 00 - DEWEY DECIMAL CLASSIFICATION NUMBER
Classification number 620.23
Item number N9618
110 ## - MAIN ENTRY--CORPORATE NAME
9 (RLIN) 2790
Corporate name or jurisdiction name as entry element N.T.N.F
245 10 - TITLE STATEMENT
Title Noise control in ship /
250 ## - EDITION STATEMENT
Edition statement 1st ed.
260 ## - PUBLICATION, DISTRIBUTION, ETC. (IMPRINT)
Place of publication, distribution, etc Norway
Name of publisher, distributor, etc N.T.N.F.
Date of publication, distribution, etc 1975
300 ## - PHYSICAL DESCRIPTION
Extent .
650 #0 - SUBJECT ADDED ENTRY--TOPICAL TERM
Topical term or geographic name as entry element Noise Control
942 ## - ADDED ENTRY ELEMENTS (KOHA)
Source of classification or shelving scheme
Item type Books
Holdings
Withdrawn status Lost status Source of classification or shelving scheme Damaged status Not for loan Permanent location Current location Date acquired Full call number Barcode Date last seen Koha item type
          IMU Kolkata IMU Kolkata 2020-04-08 620.23 N9618 05921 2020-04-08 Books
Designed and Maintained by IMU-KC Library, Kolkata Campus © Copyright All Rights Reserved

webs counters

Powered by Koha